|
|
|
|
| LEADER |
00000nam0a2200000 4500 |
| 001 |
92724 |
| 005 |
20231101213838.0 |
| 035 |
|
|
|a (RuTPU)RU\TPU\book\99329
|
| 090 |
|
|
|a 92724
|
| 100 |
|
|
|a 20060317d1970 km y0rusy50 ca
|
| 101 |
0 |
|
|a rus
|
| 102 |
|
|
|a RU
|
| 105 |
|
|
|a y g 001zy
|
| 200 |
1 |
|
|a Справочник лаборанта-химика
|f В. В. Писаренко
|
| 210 |
|
|
|a Москва
|c Высшая школа
|d 1970
|
| 215 |
|
|
|a 192 с.
|
| 320 |
|
|
|a Указатель терминов: с. 3-14.
|
| 606 |
1 |
|
|a Лабораторная химия
|2 stltpush
|3 (RuTPU)RU\TPU\subj\70426
|9 84687
|
| 610 |
1 |
|
|a химия
|
| 610 |
1 |
|
|a химические термины
|
| 610 |
1 |
|
|a вода
|
| 610 |
1 |
|
|a воздух
|
| 610 |
1 |
|
|a газы
|
| 610 |
1 |
|
|a физические свойства
|
| 610 |
1 |
|
|a растворы
|
| 610 |
1 |
|
|a органические соединения
|
| 610 |
1 |
|
|a высокомолекулярные соединения
|
| 610 |
1 |
|
|a химический анализ
|
| 610 |
1 |
|
|a техника безопасности
|
| 610 |
1 |
|
|a справочники
|
| 675 |
|
|
|a 542(035)
|v 3
|
| 700 |
|
1 |
|a Писаренко
|b В. В.
|g Владислав Васильевич
|
| 801 |
|
1 |
|a RU
|b 63413507
|c 20060317
|g PSBO
|
| 801 |
|
2 |
|a RU
|b 63413507
|c 20140917
|g PSBO
|
| 942 |
|
|
|c BK
|